Statistics for Guess the Taylor Swift song with no hint 3

Click here to take the quiz!

General Stats

  • This quiz has been taken 1,954 times
  • The average score is 252 of 298

Answer Stats

% Correct
I
100%
a
99%
you
98%
You
98%
the
97%
we
95%
And
94%
and
94%
me
94%
in
92%
it
92%
when
92%
Your
92%
your
92%
on
91%
To
91%
to
91%
do
90%
love
90%
my
90%
can
89%
were
89%
was
88%
of
87%
then
87%
you're
87%
all
86%
all)
86%
"Are
86%
like
86%
see
86%
for
85%
For
85%
(for
85%
mine
85%
"Never
84%
never
84%
So
84%
us
84%
"us"
84%
But
83%
ever
83%
time
83%
Cause
82%
have
82%
just
82%
no
82%
say
82%
away
80%
Back
80%
back
80%
said
80%
August
79%
"Get
79%
at
78%
call?
78%
call
78%
hope
78%
moment
78%
remember
78%
Remember
78%
remember?
78%
slipped
78%
up
78%
car"
77%
case
77%
could
77%
lost
77%
you'd
77%
bottle
76%
had
76%
memory
76%
more
76%
plans
76%
air
75%
before"
75%
Cancel
75%
door
75%
lose
75%
"Meet
75%
sure?"
75%
wine
75%
anything
74%
behind
74%
live
74%
mall"
74%
Salt
74%
still
74%
weren't
74%
werent
74%
bedsheets
73%
better
73%
enough
73%
livin'
73%
Whispers
73%
much
72%
needed
72%
rust
72%
Wanting
72%
cancelled
71%
into
71%
summer
71%
thinkin'
71%
twisted
71%
changin
70%
name
70%
pulled
70%
beneath
69%
saying
69%
sun
69%
write
69%
Wishin
68%
school?
67%
Will
67%
sipped
61%

Score Distribution

Percentile by Number Answered

Percent of People with Each Score

Your Score History

You have not taken this quiz